000 00430nam a2200169Ia 4500
005 20250529082955.0
008 231217s9999 xx 000 0 und d
020 _a9780070605893
082 _a658.4093 MAN;1 R
100 _aMancini, Marc.
245 0 _aTime management
260 _c1994
_bTMH
_aNew Delhi
300 _axv, 154
400 _aThe business skills express series
650 _aTime,management
942 _cAA
999 _c195580
_d195580